The Himalayan face-off : (Record no. 144127)

MARC details
000 -LEADER
fixed length control field 00605nam a22001817a 4500
010 ## - LCCN (DPL NO)
LC control number ENG-119976
020 ## - INTERNATIONAL STANDARD BOOK NUMBER
International Standard Book Number 9789350099896
Terms of availability 399.00
035 ## - SYSTEM CONTROL NUMBER
System control number EN-103508
037 ## - SOURCE OF ACQUISITION
Source of stock number/acquisition DBAD/PUB
082 ## - DEWEY DECIMAL CLASSIFICATION NUMBER
Classification number 327.54051
100 ## - MAIN ENTRY--PERSONAL NAME
Personal name Gupta, Shishir
245 ## - TITLE STATEMENT
Title The Himalayan face-off :
Remainder of title chinese assertion and the Indian riposte /
Statement of responsibility, etc by Shishir Gupta
260 ## - PUBLICATION, DISTRIBUTION, ETC. (IMPRINT)
Place of publication, distribution, etc Gurgaon
Name of publisher, distributor, etc Hachette India
Date of publication, distribution, etc 2015
270 ## - ADDRESS
Address 4th and 5th Floors, Corporate Centre, Plot No. 94, Sector 44,
City Gurgaon
Postal code 122003
300 ## - PHYSICAL DESCRIPTION
Extent xiv,328p.
Dimensions 22cm(pbk).
500 ## - GENERAL NOTE
General note Includes index
942 ## - ADDED ENTRY ELEMENTS (KOHA)
Source of classification or shelving scheme Dewey Decimal Classification
Item type English Books
Classification part 327.54051
Call number suffix GUP
Holdings
Withdrawn status Lost status Not for loan Collection code Home library Current library Date acquired Source of acquisition Cost, normal purchase price Full call number Barcode Copy number Cost, replacement price Koha item type
      Non-fiction Sarojini Nagar Sarojini Nagar 07/09/2017 DBAD/PUB 399.00 327.54051 GUP EN-103508 1 399.00 English Books

© Delhi Public Library
Hit Counter
free hit counter